| 000 | 00775nam a2200217 a 4500 | ||
|---|---|---|---|
| 001 | BRCA_5295 | ||
| 005 | 20190320205024.0 | ||
| 008 | 021210s1974----enka######---#000-0#eng-# | ||
| 041 | _aeng | ||
| 044 | _aenk | ||
| 050 | 4 |
_aNX80 _b.V57 1974 |
|
| 245 | 1 | 0 |
_aA Visual Dictionary of Art _ceditor Ann Hill. |
| 260 |
_aInglaterra _bHeinemann : Secker & Warburg _c1974 |
||
| 300 |
_a640 p. _bil. (algunas a color) _c27 cm. |
||
| 500 | _aIncluye lista de lecturas adicionales e indice alfabético | ||
| 500 | _aTitulo en camisa: A Visual Dictionary of Art: an international guide to: artists, painting, sculpture, styles, techniques | ||
| 501 | _aDonación Dr. Héctor Rivero Borrell Vázquez | ||
| 650 | 1 | 4 |
_aArte general _vDiccionarios _913576 |
| 902 | _aDHR | ||
| 942 |
_2lcc _cB |
||
| 999 |
_c4989 _d4989 |
||